Box-office 2025 en France - Statistiques

Statistiques générales
  • Ce quiz a été pris 39 fois
  • Le résultat moyen est 7 sur 15
Statistiques - réponses
Rang Indice Titre du film Entrées (Millions) % Correct
1 James Cameron Avatar : De feu et de cendres 8 844 520
100%
5 Automobile F1 3 371 524
70%
9 Interprété par Tom Cruise Mission: Impossible - The Final Reckoning 2 613 725
61%
7 Jean-Paul Rouve God Save the Tuche 3 007 866
57%
2 Disney Zootopie 2 8 684 420
52%
11 Saga des Warren (Horreur) Conjuring : L'Heure du jugement 2 368 089
48%
6 Dinosaures Jurassic World : Renaissance 3 021 177
43%
14 DC Superman 1 655 928
43%
12 Ours au chapeau Paddington au Pérou 1 856 674
39%
13 Adaptation de Manga Demon Slayer: Kimetsu no Yaiba : La Forteresse infinie 1 759 440
35%
4 Adaptation de Roman La femme de ménage 4 444 811
35%
3 Disney Lilo et Stitch 5 204 414
35%
8 Adaptation de Jeu-vidéo Minecraft, le film 2 712 147
26%
10 Dreamworks Dragons 2 603 724
22%
15 MARVEL Captain America: Brave New World 1 648 654
13%
Aucun quiz correspondant
Distribution des résultats
% des personnes avec chaque résultat
Percentile par nombre de réponses
Votre historique - résultats
Vous n’avez pas pris ce quiz